| 000 | 01103nam a2200301 i 4500 | ||
|---|---|---|---|
| 003 | DO-SdBNP | ||
| 005 | 20260420092658.0 | ||
| 007 | ta | ||
| 008 | 100217s1989 dr 000 spa d | ||
| 040 |
_aDO-SdBNP _bspa _cBNPHU _erda |
||
| 041 | _aspa | ||
| 082 | 4 |
_a343.729304 _bR426L _222 |
|
| 110 | 1 |
_aRepública Dominicana _9447 |
|
| 245 | 1 | 0 |
_aLegislación fiscal dominicana / _cFrancisco Canahuate |
| 264 |
_aSanto Domingo, República Dominicana : _bCentro de Orientación Tributaria, _c1989. |
||
| 300 |
_avolumen ; _c24 cm. |
||
| 336 |
_atexto _btxt _2rdacontent |
||
| 337 |
_asin mediación _bn _2rdamedia |
||
| 338 |
_avolumen _bnc _2rdacarrier |
||
| 500 | _aLa biblioteca posee v.1 | ||
| 500 | _aIncluye referencias bibliográficas y notas al pie de las páginas | ||
| 650 | 4 |
_aImpuestos _xLegislación _z República Dominicana _955495 |
|
| 650 | 4 |
_aDerecho fiscal _z República Dominicana _98288 |
|
| 650 | 0 |
_aFinanzas públicas _xLegislación _y República Dominicana _932168 |
|
| 700 | 1 |
_aCanahuate, Francisco _981532 |
|
| 910 | _aValidado. Control de calidad MFF | ||
| 942 |
_2ddc _cLBS1 |
||
| 999 |
_c15216 _d15216 |
||